| 000 | 05090nam a22005177a 4500 | ||
|---|---|---|---|
| 005 | 20110630114050.0 | ||
| 010 | _aENG-102758 B-456446-467 | ||
| 020 |
_c175.00 _a9788189005726 |
||
| 035 | _aEN-86290 B-456446-467 | ||
| 037 | _bDBAD / PUB | ||
| 037 | _bAllied Pub/Ven | ||
| 082 | _a530.072 | ||
| 100 |
_aShrivastava, R.K. _946357 |
||
| 245 |
_aTeaching of physics / _cby R.K. Shrivastava |
||
| 260 |
_aNew Delhi _bSaurabh Publishing House _c2011 |
||
| 270 |
_a4263/3, Ansari Road, Darya Ganj _bNew Delhi _e110002 |
||
| 300 |
_a214p. _c22cm (pbk) |
||
| 500 | _aIncludes Index | ||
| 700 | _928520 | ||
| 710 | _928535 | ||
| 942 |
_2ddc _cEN _mSHR _h530.072 |
||
| 999 |
_c53464 _d53464 |
||